000 00290nam a22001097a 4500
008 160510b xxu||||| |||| 00| 0 eng d
020 _a0131453068
041 _aeng
080 _a577
245 _aPrinciples of biochemistry:
_cRobert Horton; Laurence Moran; Gray Scrimgeour;
942 _2udc
_cBK
999 _c1958
_d1958